00436nam a22001577a 450000500170000000800410001708200170005810000240007524500480009925000080014726000400015530000120019550000500020794200060025799900150026320250526033535.0250526b |||||||| |||| 00| 0 eng d 222a302bMAH amihinthakula, sunil aMahagama sekarage thunman anthiya vimasimak a2nd aMaharagamabSuragi Publishersc1991 a32 p,., aA book on ( Dunman Anthiye vimasima - Cinema) cL c6054d6054